书目信息 |
| 题名: |
洋话连篇最新TOEFL听力真题
|
|
| 作者: | ;东方友人 编著 | |
| 分册: | ||
| 出版信息: | 北京 中国对外翻译出版公司 2003.04 |
|
| 页数: | 396页 | |
| 开本: | 26cm | |
| 丛书名: | ||
| 单 册: | ||
| 中图分类: | H319.9-44 | |
| 科图分类: | ||
| 主题词: | 英语--听说教学--高等教育--入学考试--习题集 | |
| 电子资源: | ||
| ISBN: | 7-5001-1103-7 | |
| 000 | 00845nam0 2200241 45 | |
| 001 | 192004001680 | |
| 005 | 20070911092843.95 | |
| 010 | @a7-5001-1103-7@dCNY49.00 | |
| 100 | @a20070531d2003 ekmy0chiy0121 ea | |
| 101 | 0 | @achi@aeng |
| 102 | @aCN@b110000 | |
| 105 | @ay z 000yy | |
| 200 | 1 | @a洋话连篇最新TOEFL听力真题@Ayang hua lian pian zui xin TOEFL ting li zhen ti@f东方友人编著 |
| 210 | @a北京@c中国对外翻译出版公司@d2003.04 | |
| 215 | @a396页@d26cm | |
| 312 | @a英文并列题名取自封面 | |
| 330 | @a本书收录了自1989年以后十年国内TOEFL考试所考的听力真题, 堪称目前国内最全、最新的TOEFL听力考题集。 | |
| 510 | 1 | @aSuper success for the TOEFL test@zeng |
| 606 | 0 | @a英语@x听说教学@x高等教育@x入学考试@j习题集 |
| 690 | @aH319.9-44@v4 | |
| 711 | 02 | @a东方友人@Adong fang you ren@4编著 |
| 801 | 0 | @aCN@c20070911 |
| 905 | @dH319.9-44@eD664 | |
| 洋话连篇最新TOEFL听力真题/东方友人编著.-北京:中国对外翻译出版公司,2003.04 |
| 396页;26cm |
| ISBN 7-5001-1103-7:CNY49.00 |
| 本书收录了自1989年以后十年国内TOEFL考试所考的听力真题, 堪称目前国内最全、最新的TOEFL听力考题集。 |
| ● |
| 相关链接 |
|
|
|
正题名:洋话连篇最新TOEFL听力真题
索取号:H319.9-44/D664
 
预约/预借
| 序号 | 登录号 | 条形码 | 馆藏地/架位号 | 状态 | 备注 |
| 1 | 623180 | 206231807 | 语言库209/209语言库 115排1列4层/ [索取号:H319.9-44/D664] | 在馆 | |
| 2 | 623181 | 206231816 | 语言库209/209语言库 115排1列4层/ [索取号:H319.9-44/D664] | 在馆 | |
| 3 | 623182 | 206231825 | 语言库209/209语言库 115排1列4层/ [索取号:H319.9-44/D664] | 在馆 |